UBT Library

The joy and challenge of raising African American children / (Record no. 39127)

000 -LEADER
fixed length control field 00766pam a2200241 a 4500
001 - CONTROL NUMBER
control field 1636547
005 - DATE AND TIME OF LATEST TRANSACTION
control field 20171218100247.0
008 - FIXED-LENGTH DATA ELEMENTS--GENERAL INFORMATION
fixed length control field 960813s1997 alua b 000 0 eng
010 ## - LIBRARY OF CONGRESS CONTROL NUMBER
LC control number 96041344
020 ## - INTERNATIONAL STANDARD BOOK NUMBER
International Standard Book Number 1881320790 (pbk.)
040 ## - CATALOGING SOURCE
Original cataloging agency DLC
Transcribing agency DLC
Modifying agency DLC
041 ## - LANGUAGE CODE
Language code of text/sound track or separate title eng
043 ## - GEOGRAPHIC AREA CODE
Geographic area code n-us---
080 ## - UNIVERSAL DECIMAL CLASSIFICATION NUMBER
Universal Decimal Classification number 649..15796073 EMM
082 00 - DEWEY DECIMAL CLASSIFICATION NUMBER
Classification number 649..15796073 EMM
Edition number 20
100 1# - Rafti
Rafti 20
101 ## - Shkurtesa
Shkurtesa POL
245 14 - TITLE STATEMENT
Title The joy and challenge of raising African American children /
Statement of responsibility, etc by Emma McElvaney Talbott.
504 ## - BIBLIOGRAPHY, ETC. NOTE
Bibliography, etc Includes bibliographical references (p. 184-185).
906 ## - LOCAL DATA ELEMENT F, LDF (RLIN)
a 7
b cbc
c orignew
d 1
e ocip
f 19
g y-gencatlg
942 ## - ADDED ENTRY ELEMENTS (KOHA)
Source of classification or shelving scheme
Item type Books
Holdings
Withdrawn status Lost status Source of classification or shelving scheme Damaged status Not for loan Permanent location Current location Date acquired Total Checkouts Full call number Barcode Date last seen Price effective from Koha item type
          UBT - Lipjan UBT - Lipjan 12/18/2017   649..15796073 EMM 002-2939502 12/18/2017 12/18/2017 Books
UBT Library © 2015-2024. All rights reserved University Education for Business and Technology